| 000 | 00403nam a2200169Ia 4500 | ||
|---|---|---|---|
| 008 | 230524s9999 xx 000 0 und d | ||
| 020 | _a8120311728 | ||
| 082 |
_a4.16 _bRAJ |
||
| 100 |
_aV.Rajaraman _92240 |
||
| 245 | 0 | _aComputer Programming in Fortran 77 | |
| 250 | _a4TH | ||
| 260 |
_aNEW DELHI _bPHI _c1999 |
||
| 300 | _aX;198 | ||
| 500 | _aQuantity Number: 4 | ||
| 650 | _aComp-Sc | ||
| 942 | _cBK | ||
| 999 |
_c6239 _d6239 |
||